| 000 | 00728nam a22002057a 4500 | ||
|---|---|---|---|
| 999 |
_c4572 _d4572 |
||
| 001 | 18006 | ||
| 003 | BD-DhUAP | ||
| 005 | 20201115104853.0 | ||
| 008 | 201115s2012 bg ||||| |||| 00| 0 ben d | ||
| 020 | _a9789381640050 | ||
| 040 |
_aBD-DhUAP _bBen _cBD-DhUAP _dBD-DhUAP |
||
| 082 |
_223 _a726.1 SAN |
||
| 100 | _aসান্যাল, হিতেশরঞ্জন। | ||
| 245 |
_aবাংলার মন্দির / _cহিতেশরঞ্জন সান্যাল। |
||
| 250 | _a১ম সং.। | ||
| 260 |
_aঢাকা : _bকারিগর : _cc২০১২। |
||
| 300 |
_a২২৭ পৃষ্ঠা : _bচিত্র ; _c২২ সেমি. |
||
| 650 |
_aTemples _vArchitecture. |
||
| 942 |
_2ddc _cBK |
||